Statistiques concernant Les 100 meilleurs joueurs de FIFA 23

Cliquez ici pour prendre le quiz!

Statistiques générales

  • Ce quiz a été pris 11 104 fois
  • Le résultat moyen est 56 sur 128

Statistiques - réponses

RangPosteNoteJoueur% Correct
3BU91KYLIAN MBAPPE
98%
5AD91LIONEL MESSI
98%
8BU90CRISTIANO RONALDO
94%
1AC91KARIM BENZEMA
93%
4MC91KEVIN DE BRUYNE
91%
11AG89NEYMAR JR
89%
2BU91ROBERT LEWANDOWSKI
86%
9G90THIBAUT COURTOIS
86%
6AD90MOHAMED SALAH
85%
21BU88ERLING HAALAND
83%
7DC90VIRGIL VAN DIJK
81%
10G90MANUEL NEUER
79%
18G89EDERSON
78%
24MC88LUKA MODRIC
78%
13MG89SADIO MANE
77%
16G89ALISSON
75%
17BU89HARRY KANE
72%
19MDC89N'GOLO KANTE
72%
22MC88TONI KROOS
72%
44AG86VINICIUS JR.
71%
28MOC88BERNARDO SILVA
70%
29G88MARC-ANDRE TER STEGEN
70%
58DC86THIAGO SILVA
70%
15MDC89CASEMIRO
69%
14MDC89JOSHUA KIMMICH
67%
26DC88RUBEN DIAS
67%
12AG89HEUNG MIN SON
65%
23DC88MARQUINHOS
65%
27G88GIANLUIGI DONNARUMMA
63%
33MDC87RODRI
63%
20G89JAN OBLAK
62%
42G87HUGO LLORIS
61%
25DG88JOAO CANCELO
61%
30G88KEYLOR NAVAS
60%
32MOC87THOMAS MULLER
59%
34G87MIKE MAIGNAN
58%
35DC87ANTONIO RUDIGER
57%
43G87DE GEA
56%
39MC87MARCO VERRATTI
53%
41DD87TRENT ALEXANDER-ARNOLD
53%
98DD84ACHRAF HAKIMI
52%
36DG87ANDREW ROBERTSON
52%
47G86EDOUARD MENDY
51%
38MC87FRENKIE DE JONG
50%
56BU86ROMELU LUKAKU
50%
55MG86KINGSLEY COMAN
49%
80MC85PEDRI
49%
69AG85PHIL FODEN
49%
31MDC87FABINHO
48%
77DD85KYLE WALKER
48%
52AD86RIYAD MAHREZ
48%
67DG85THEO HERNANDEZ
48%
63DC86DAVID ALABA
47%
72MC85PAUL POGBA
47%
46BU86LAUTARO MARTINEZ
46%
40MC87LEON GORETZKA
46%
50AG86RAHEEM STERLING
46%
60MOC86BRUNO FERNANDES
45%
100AG84JACK GREALISH
45%
Paris SG
45%
Real Madrid
45%
Manchester City
44%
FC Barcelone
43%
Bayern Munich
42%
Liverpool FC
42%
Manchester United
42%
Chelsea FC
40%
54MC86THIAGO
40%
49DC86AYMERIC LAPORTE
39%
66MC85İLKAY GUNDOGAN
39%
84DG85JORDI ALBA
39%
37DC87KALIDOU KOULIBALY
39%
87MDC85SERGIO BUSQUETS
39%
82MD85SERGE GNABRY
38%
AC Milan
37%
48AC86PAULO DYBALA
36%
Inter Milan
35%
Atlético Madrid
34%
75MOC85MARCO REUS
34%
Tottenham Hotspur
34%
93MC84JUDE BELLINGHAM
33%
Juventus FC
33%
45AC86CHRISTOPHER NKUNKU
32%
Borussia Dortmund
31%
83DC85MATTHIJS DE LIGT
30%
59MC86NICOLO BARELLA
29%
AS Rome
27%
85AC85MEMPHIS DEPAY
27%
64DC86MILAN SKRINIAR
27%
68G85YANN SOMMER
27%
Arsenal FC
26%
70AC85DIOGO JOTA
26%
95BU84DUSAN VLAHOVIC
26%
92AC84JOAO FELIX
26%
89BU85PIERRE-EMERICK AUBAMEYANG
25%
74MC85JORGINHO
24%
61MDC86MARCELO BROZOVIC
24%
97MOC84MASON MOUNT
24%
78DC85NIKLAS SULE
24%
53BU86CIRO IMMOBILE
23%
94MOC84MARTIN ODEGAARD
22%
62MC86PAREJO
20%
RB Leipzig
20%
65G86WOJCIECH SZCZESNY
20%
90MG85YANNICK CARRASCO
18%
79MG85FILIP KOSTIC
17%
51G86KEVIN TRAPP
17%
Séville FC
17%
73BU85GERARD MORENO
16%
57MC86SERGEJ MILINKOVIC-SAVIC
16%
96BU84WISSAM BEN YEDDER
16%
81BU85JAMIE VARDY
15%
SS Lazio
15%
86MOC85NABIL FEKIR
14%
91DG85MARCOS ACUNA
13%
88G85PETER GULACSI
13%
AS Monaco
12%
99MDC84DECLAN RICE
12%
76BU85IAGO ASPAS
11%
Bayer Leverkusen
10%
71BU85PATRIK SCHICK
10%
Leicester City
9%
Real Betis
8%
West Ham United
8%
Eintracht Francfort
7%
Villarreal CF
7%
Borussia Mönchengladbach
6%
Celta Vigo
4%

Distribution des résultats

Percentile par nombre de réponses

% des personnes avec chaque résultat

Votre développement - résultats

Vous n’avez pas pris ce quiz